000
00244nam a22000977a 4500
041
_a
eng
080
_a
80
100
_a
Артемов, В. А.
245
_a
Психология обучения иностраным языкам.
999
_c
280517
_d
280517
942
_c
BK